Central Library OPAC University of Rajshahi

Diffusion in solids, liquids, gases / (Record no. 72290)

MARC details
000 -LEADER
fixed length control field 00783nam a2200253 a 4500
001 - CONTROL NUMBER
control field 72290
003 - CONTROL NUMBER IDENTIFIER
rucl marc code BD-RjUL
005 - DATE AND TIME OF LATEST TRANSACTION
control field 20211209082237.0
008 - FIXED-LENGTH DATA ELEMENTS--GENERAL INFORMATION
fixed length control field 170516r19651960nyua b 001 0 eng
035 ## - SYSTEM CONTROL NUMBER
System control number (BD-RjUL)72507
040 ## - CATALOGING SOURCE
Original cataloging agency DLC/ICU
Transcribing agency ICU
Modifying agency DLC
-- BD-RjUL
Language of cataloging eng
041 ## - LANGUAGE CODE
Language code of text/sound track or separate title eng
082 00 - DEWEY DECIMAL CLASSIFICATION NUMBER
Edition number 22
Classification number 541.341
Author mark and year JOD 1965
100 1# - MAIN ENTRY--PERSONAL NAME
Personal name Jost, Wilhelm,
Dates associated with a name 1903-
9 (RLIN) 213756
245 10 - TITLE STATEMENT
Title Diffusion in solids, liquids, gases /
Statement of responsibility, etc. By W. Jost.
250 ## - EDITION STATEMENT
Edition statement 3d print. with addendum.
260 ## - PUBLICATION, DISTRIBUTION, ETC. (IMPRINT)
Place of publication, distribution, etc. New York :
Name of publisher, distributor, etc. Academic Press,
Date of publication, distribution, etc. 1960 [printing 1965].
300 ## - PHYSICAL DESCRIPTION
Pagination 558 p. ;
Illustrations ill. ;
Size 24 cm.
490 1# - SERIES STATEMENT
Series statement Physical chemistry; a series of monographs,
Volume/sequential designation v. 1
500 ## - GENERAL NOTE
General note Includes index.
650 #0 - SUBJECT ADDED ENTRY--TOPICAL TERM
Topical term or geographic name as entry element Diffusion.
9 (RLIN) 155957
830 #0 - SERIES ADDED ENTRY--UNIFORM TITLE
Uniform title Physical chemistry ;
Volume number/sequential designation v. 1.
942 ## - ADDED ENTRY ELEMENTS (KOHA)
Source of classification or shelving scheme Dewey Decimal Classification
Koha item type Books
Holdings
Lost status Source of classification or shelving scheme Damaged status Not for loan Collection code Permanent Location Current Location Shelving location Date acquired Source of acquisition Cost, normal purchase price Total Checkouts Full call number Date last seen Copy number Koha item type
  Dewey Decimal Classification   Not For Loan Non-fiction Central Library, University of Rajshahi Central Library, University of Rajshahi Reading Room 23/04/1968 Zeitlinger 171.00   541.341 JOD 1965 16/05/2017 C-1 Books